Behemoth's Songs - Statistics

General Stats
  • This quiz has been taken 10 times
  • The average score is 11 of 119
Answer Stats
Album Answer % Correct
The Satanist Blow Your Trumpets Gabriel
86%
I Loved You at Your Darkest Bartzabel
57%
Demigod Conquer All
57%
Demigod Demigod
57%
The Satanist O Father O Satan O Sun!
57%
The Satanist The Satanist
57%
The Satanist Ben Sahar
43%
Evangelion Daimonos
43%
I Loved You at Your Darkest God = Dog
43%
The Satanist Ora Pro Nobis Lucifer
43%
Evangelion Ov Fire and the Void
43%
Demigod Slaves Shall Serve
43%
The Satanist Amen
29%
Zos Kia Cultus (Here and Beyond) As Above So Below
29%
The Satanist Messe Noire
29%
Demigod Sculpting the Throne ov Seth
29%
Demigod Towards Babylon
29%
Demigod Before the Aeons Came
14%
Satanica Chant for Eschaton 2000
14%
The Apostasy Christgrinding Avenue
14%
I Loved You at Your Darkest Coagvla
14%
I Loved You at Your Darkest Ecclesia Diabolica Catholica
14%
The Satanist Furor Divinus
14%
Grom Grom
14%
I Loved You at Your Darkest Havohej Pantocrator
14%
Zos Kia Cultus (Here and Beyond) Here and Beyond (Titanic Turn ov Time)
14%
The Apostasy Kriegsphilosophie
14%
Evangelion Lucifer
14%
Opvs Contra Natvram Malaria Vvlgata
14%
Zos Kia Cultus (Here and Beyond) No Sympathy for Fools
14%
Opvs Contra Natvram Off to War!
14%
Opvs Contra Natvram Once Upon A Pale Horse
14%
The Apostasy Pazuzu
14%
Opvs Contra Natvram The Deathless Sun
14%
Demigod The Nephilim Rising
14%
I Loved You at Your Darkest We Are the Next 1000 Years
14%
I Loved You at Your Darkest Wolves ov Siberia
14%
Demigod XUL
14%
Zos Kia Cultus (Here and Beyond) Zos Kia Cultus
14%
Thelema.6 ΠΑΝ ΣΑΤΥΡΟΣ
0%
Thelema.6 23 (The Youth Manifesto)
0%
Evangelion Alas, Lord Is Upon Me
0%
Sventevith (Storming Near the Baltic) Ancient
0%
I Loved You at Your Darkest Angelvs XIII
0%
Thelema.6 Antichristian Phenomenon
0%
The Apostasy Arcana Hereticae
0%
The Apostasy At the Left Hand ov God
0%
The Apostasy Be Without Fear
0%
Zos Kia Cultus (Here and Beyond) Blackest ov the Black
0%
Satanica Ceremony of Shiva
0%
Sventevith (Storming Near the Baltic) Chant of the Eastern Lands
0%
Thelema.6 Christians to the Lions
0%
Pandemonic Incantations Chwala Mordercom Wojciecha (997-1997 dziesiec wiekow hanby)
0%
Satanica Decade of Therion
0%
Evangelion Defiling Morality ov Black God
0%
Pandemonic Incantations Diableria (The Great Introduction)
0%
Opvs Contra Natvram Disinheritance
0%
Grom Dragon's Lair (Cosmic Flames and Four Barbaric Seasons)
0%
Pandemonic Incantations Driven By the Five-Winged Star
0%
Sventevith (Storming Near the Baltic) Entering the Faustian Soul
0%
Sventevith (Storming Near the Baltic) Forgotten Cult of Aldaron
0%
Zos Kia Cultus (Here and Beyond) Fornicatus Benefictus
0%
Sventevith (Storming Near the Baltic) From the Pagan Vastlands
0%
Zos Kia Cultus (Here and Beyond) Hekau 718
0%
Sventevith (Storming Near the Baltic) Hell Dwells in Ice
0%
Zos Kia Cultus (Here and Beyond) Heru Ra Ha: Let There Be Might
0%
Evangelion He Who Breeds Pestilence
0%
Sventevith (Storming Near the Baltic) Hidden in a Fog
0%
Zos Kia Cultus (Here and Beyond) Horns ov Baphomet
0%
I Loved You at Your Darkest If Crucifixion Was Not Enough...
0%
Thelema.6 Inauguration of Scorpio Dome
0%
Thelema.6 Inflamed With Rage
0%
The Apostasy Inner Sanctum
0%
The Satanist In the Absence ov Light
0%
Thelema.6 In the Garden of Dispersion
0%
Pandemonic Incantations In Thy Pandemaeternum
0%
Grom Intro
0%
Satanica LAM
0%
Grom Lasy Pomorza
0%
The Apostasy Libertheme
0%
Zos Kia Cultus (Here and Beyond) Modern Iconoclasts
0%
Demigod Mysterium Coniunctionis (Hermanubis)
0%
Thelema.6 Natural Born Philosopher
0%
Opvs Contra Natvram Neo-Spartacvs
0%
Satanica Of Sephirotic Transformation and Carnality
0%
Opvs Contra Natvram Ov My Herculean Exile
0%
Opvs Contra Natvram Post-God Nirvana
0%
The Apostasy Promtherion
0%
Grom Rising Proudly Towards the Sky
0%
I Loved You at Your Darkest Rom 5:8
0%
The Apostasy Rome 64 C.E.
0%
I Loved You at Your Darkest Sabbath Mater
0%
Pandemonic Incantations Satan's Sword (I Have Become)
0%
Evangelion Shemhamforash
0%
The Apostasy Slaying the Prophets ov Isa
0%
I Loved You at Your Darkest Solve
0%
Grom Spellcraft and Heathendom
0%
Satanica Starspawn
0%
Thelema.6 The Act of Rebellion
0%
Satanica The Alchemist's Dream
0%
Grom The Dark Forest (Cast Me Your Spell)
0%
Thelema.6 The End
0%
Pandemonic Incantations The Entrance to the Spheres of Mars
0%
Zos Kia Cultus (Here and Beyond) The Harlot ov the Saints
0%
Pandemonic Incantations The Past Is Like a Funeral
0%
Demigod The Reign ov Shemsu-Hor
0%
Evangelion The Seed ov I
0%
Satanica The Sermon to the Hypocrites
0%
Pandemonic Incantations The Thousand Plagues I Witness
0%
Sventevith (Storming Near the Baltic) The Touch of Nya
0%
Thelema.6 The Universe Illumination (Say Hello to My Demons)
0%
Grom Thou Shalt Forever Win
0%
Opvs Contra Natvram Thy Becoming Eternal
0%
Evangelion Transmigrating Beyond Realms ov Amenti
0%
Sventevith (Storming Near the Baltic) Transylvanian Forest
0%
Zos Kia Cultus (Here and Beyond) Typhonian Soul Zodiack
0%
Opvs Contra Natvram Versvs Christvs
0%
Thelema.6 VINVM SABBATI
0%
Sventevith (Storming Near the Baltic) Wolves Guard My Coffin
0%
No matching quizzes found
Score Distribution
Percent of People with Each Score
Percentile by Number Answered
Your Score History
You have not taken this quiz